000 00524nam a2200169Ia 4500
008 090711s9999 xx 000 0 und d
082 _b72258
100 _aखाडीलकर उषा
245 _aवाकड पाऊल सरळ वाट
260 _c1993
300 _a191
600 _aखाडीलकर उषा
630 _aवाकड पाऊल सरळ वाट
700 _aखाडीलकर उषा
730 _aवाकड पाऊल सरळ वाट
942 _cBOOK
999 _c304291
_d304291